01012nam a2200253 a 450000100100000000500170001000800410002702000180006804000250008608200260011110000320013724500560016925000110022526000380023630000200027459000260029450000700032065000280039065000310041891000420044995201230049195201290061499900150074300000337520240412074201.0090706s2009 dr r 000 0 spa d z9789945161793 aDO-SdBNPbspacBNPHU aRD861.44bC965p, 20091 aCuevas, Julio,c1955-9945910aPoemas de tierra adentro :bpoemas /cJulio Cuevas. a3a ed. aSanto Domingo :bDragón,c2009. a82 p. ;c20 cm. aInventariado, 2020/YL aIncluye datos biográficos del autor en la solapa de la cubierta 0aPoesía dominicana966 0aLiteratura dominicana.967 aValidado. Control de calidad. MMOLINA 0010718PDaPDbPDcHDd2009-07-08iLF1l0oRD861.44 C965p, 2009p3375-10r2020-06-25w2020-06-25yLFPDZNo se presta 0010718PDaPDbPDcHDd2009-07-08iLF1l0oRD861.44 C965p, 2009p3375-20r2020-06-25te. 2w2020-06-25yLFPDZNo se presta c3205d3205